Ảnh hưởng của nồng độ muối đến sự phát triển của luân trùng nước ngọt Brachionus angularis : Báo cáo tổng kết đề tài Khoa học Công nghệ cấp trường

Đề tài được thực hiện nhằm nghiên cứu khả năng thuần hoá và khả năng phát triển của luân trùng nước ngọt B. angularis ở các độ mặn khác nhau.

Salvato in:
Dettagli Bibliografici
Autore principale: Trần, Sương Ngọc
Natura: Libro
Lingua:Undetermined
Pubblicazione: Cần Thơ Trường Đại học Cần Thơ 2012
Soggetti:
Tags: Aggiungi Tag
Nessun Tag, puoi essere il primo ad aggiungerne! !
Thư viện lưu trữ: Trung tâm Học liệu Trường Đại học Cần Thơ
LEADER 01100nam a2200241Ia 4500
001 CTU_204737
008 210402s9999 xx 000 0 und d
082 |a 639.31 
082 |b Ng419 
088 |a TNCS2011-15 
100 |a Trần, Sương Ngọc 
245 0 |a Ảnh hưởng của nồng độ muối đến sự phát triển của luân trùng nước ngọt Brachionus angularis : 
245 0 |b Báo cáo tổng kết đề tài Khoa học Công nghệ cấp trường 
245 0 |c Trần Sương Ngọc (chủ nhiệm đề tài) 
260 |a Cần Thơ 
260 |b Trường Đại học Cần Thơ 
260 |c 2012 
520 |a Đề tài được thực hiện nhằm nghiên cứu khả năng thuần hoá và khả năng phát triển của luân trùng nước ngọt B. angularis ở các độ mặn khác nhau. 
650 |a Fishes,Cá 
650 |x Larvae,Ấu trùng 
904 |i Qhieu 
915 |a TS 
980 |a Trung tâm Học liệu Trường Đại học Cần Thơ